Atatürk ve eğitim/ (Record no. 14281)

MARC details
000 -BAŞLIK
Sabit Uzunlukta Kontrol Alanı 00791nam a22002177a 4500
999 ## - SİSTEM KONTROL NUMARALARI (KOHA)
Koha Biblionumber 14281
Koha Biblioitemnumber 14281
003 - KONTROL NUMARASI IDENTIFIER
Denetim Alanı MIRAKIL
005 - SON İŞLEM TARİHİ VE ZAMANI
Denetim Alanı 20201210115956.0
008 - SABİT-BOY VERİ ELEMANLARI - GENEL BİLGİLER
Sabit Uzunlukta Kontrol Alanı 201210b tu ||||| |||| 00| 0 tur d
040 ## - KATALOGLAMA KAYNAK
Orijinal Kataloglama Ajansı TR-AnCHP
Kataloglama Dili tur
Metne Dönüştürmek Ajansı TR-AnCHP
082 ## - DEWEY ONLU SINIFLANDIRMA NUMARASI
Sınıflandırma Numarası ATA 379.561092
Ürün Numarası A72 1981
245 ## - BAŞLIK TABLOSU
Başlık Atatürk ve eğitim/
Sorumluluk Tablosu, Vb yayına hazırlayan Nizamettin Koç
260 ## - YAYIN, DAĞITIM, VB
Yayın, Dağıtım, Vb Yeri Ankara:
Yayıncı, Dağıtıcı, Vs Adı Türk Eğitim Derneği,
Yayın, Dağıtım, Vb Tarihi 1981.
300 ## - FİZİKSEL TANIM
Kapsam 453 s.:
Boyutlar 19 sm.
490 0# - SERİSİ TABLOSU
Seri Beyanı Türk Eğitim Derneği;
-- Bilim Dizisi;
Hacim / Ardışık Tanımı No:5.
504 ## - KAYNAKÇA VB NOT
Kaynakça Vb Notu Bibliyografik bilgi var.
600 ## - KONU KATMA GİRİŞ - KURUMSAL ADI
Kişisel Ad Atatürk, Mustafa Kemal
Bir Adıyla İlişkilendirilen Tarihler 1881-1938
Genel Alt Bölümü Eğitim
650 ## - KONU KATMA GİRİŞ - TOPİKAL DÖNEM
Topikal Süreli Veya Coğrafi Ad Giriş Elemanı Eğitim
Genel Alt Bölümü Tarih
Kronolojik Alt Bölümü 20. yüzyıl
Coğrafi Alt Bölümü Türkiye
700 ## - KATMA GİRİŞ - KİŞİSEL İSİM
Kişisel Ad Koç, Nizamettin
9 (RLIN) 6636
Relator Terim yay. haz.
856 ## - ELEKTRONİK YER VE ERİŞİM
Kamu Notu Dijital Nüshası için Partimizin Kütüphane Sorumlusu ile iletişime geçiniz.
942 ## - EKLENDİ GİRİŞ ELEMANLARI (KOHA)
Sınıflandırma Veya Raf Düzeni Kaynak Dewey Decimal Classification
Koha Öğesi Türü Books
Holdings
Kalıcı Konum Mevcut Konum Edinme Tarihi Toplam Check-Out'Lar Tam Çağrı Numarası Barkod Tarih Son Görülme İtibaren Geçerli Fiyatlar Sigara Kamu Notu Koha Öğesi Türü
CHP Kütüphanesi CHP Kütüphanesi 12/10/2020   ATA 379.561092 A72 1981 010747 12/10/2020 12/10/2020 Emine Başak Alkan Bağışıdır. Books